Developing proofreading and editing skills / (Record no. 122)

000 -LEADER
fixed length control field 01272cam a2200325 a 4500
001 - CONTROL NUMBER
control field 13425044
003 - CONTROL NUMBER IDENTIFIER
control field OSt
005 - DATE AND TIME OF LATEST TRANSACTION
control field 20140116120819.0
008 - FIXED-LENGTH DATA ELEMENTS--GENERAL INFORMATION
fixed length control field 031205s2005 maua 001 0 eng
010 ## - LIBRARY OF CONGRESS CONTROL NUMBER
LC control number 2003069112
020 ## - INTERNATIONAL STANDARD BOOK NUMBER
International Standard Book Number 007293798X
040 ## - CATALOGING SOURCE
Original cataloging agency DLC
Transcribing agency DLC
Modifying agency DLC
050 00 - LIBRARY OF CONGRESS CALL NUMBER
Classification number Z254.C36 2005
100 1# - MAIN ENTRY--PERSONAL NAME
Personal name Camp, Sue C.,
Dates associated with a name 1944-
245 10 - TITLE STATEMENT
Title Developing proofreading and editing skills /
Statement of responsibility, etc Sue C. Camp.
250 ## - EDITION STATEMENT
Edition statement 5th ed.
260 ## - PUBLICATION, DISTRIBUTION, ETC. (IMPRINT)
Place of publication, distribution, etc Boston :
Name of publisher, distributor, etc McGraw-Hill/ Irwin,
Date of publication, distribution, etc 2005.
300 ## - PHYSICAL DESCRIPTION
Extent xi, 416 p. :
Other physical details ill. ;
Dimensions 28 cm. +
Accompanying material 1 CD-ROM (4 3/4 in.).
500 ## - GENERAL NOTE
General note Includes index.
500 ## - GENERAL NOTE
General note Rev. ed. of: Developing proofreading skill. 3rd ed. c1993.
650 #0 - SUBJECT ADDED ENTRY--TOPICAL TERM
Topical term or geographic name as entry element Proofreading.
650 #0 - SUBJECT ADDED ENTRY--TOPICAL TERM
Topical term or geographic name as entry element English language
General subdivision Business English.
650 #0 - SUBJECT ADDED ENTRY--TOPICAL TERM
Topical term or geographic name as entry element Business writing.
700 1# - ADDED ENTRY--PERSONAL NAME
Personal name Camp, Sue C.,
Dates associated with a name 1944-
Title of a work Developing proofreading skill.
856 42 - ELECTRONIC LOCATION AND ACCESS
Materials specified Publisher description
Uniform Resource Identifier <a href="http://www.loc.gov/catdir/enhancements/fy0702/2003069112-d.html">http://www.loc.gov/catdir/enhancements/fy0702/2003069112-d.html</a>
856 41 - ELECTRONIC LOCATION AND ACCESS
Materials specified Table of contents only
Uniform Resource Identifier <a href="http://www.loc.gov/catdir/enhancements/fy0702/2003069112-t.html">http://www.loc.gov/catdir/enhancements/fy0702/2003069112-t.html</a>
906 ## - LOCAL DATA ELEMENT F, LDF (RLIN)
a 7
b cbc
c orignew
d 1
e ocip
f 20
g y-gencatlg
942 ## - ADDED ENTRY ELEMENTS (KOHA)
Source of classification or shelving scheme
Koha item type Book
Holdings
Withdrawn status Lost status Source of classification or shelving scheme Damaged status Not for loan Home library Current library Date acquired Source of acquisition Total Checkouts Full call number Barcode Date last seen Copy number Price effective from Koha item type Total Renewals Date checked out
          Riara University Library Riara University Library 08/10/2011 Purchase   Z254.C36 2005 3011/11 08/10/2011 C.1 08/10/2011 Book    
          Riara University Library Riara University Library 08/10/2011 Purchase   Z254.C36 2005 3012/11 08/10/2011 C.2 08/10/2011 Book    
          Riara University Library Riara University Library 08/10/2011 Purchase 6 Z254.C36 2005 3013/11 08/12/2015 C.3 08/10/2011 Book 2 08/10/2015

Riara University Library,
P.O. Box 49940-00100,
Nairobi, Kenya.